Recepción, demodulación y decodificación de la señal de tiempo transmitida por la estación radial WWVB del NIST
Uloženo v:
| Hlavní autor: | |
|---|---|
| Další autoři: | |
| Médium: | Kniha |
| Jazyk: | Spanish |
| Vydáno: |
[San José], Costa Rica
2014
|
| Témata: | |
| Tagy: |
Přidat tag
Žádné tagy, Buďte první, kdo vytvoří štítek k tomuto záznamu!
|
MARC
| LEADER | 00000nam a22000007a 4500 | ||
|---|---|---|---|
| 003 | 012057 | ||
| 005 | 20230628133441.0 | ||
| 008 | 150219b2014 cr a|||| |||| 00| ||spa d | ||
| 040 | |c cru CEDI | ||
| 100 | |9 836 |a Solano Oviedo, Kendall , 1991- | ||
| 245 | |a Recepción, demodulación y decodificación de la señal de tiempo transmitida por la estación radial WWVB del NIST | ||
| 260 | |a [San José], Costa Rica |c 2014 | ||
| 500 | |a Proyecto de graduación (bachillerato en ingeniería eléctrica)-- Universidad de Costa Rica. Facultad de Ingeniería. Escuela de Ingeniería Eléctrica | ||
| 501 | |a Profesor Guía de IE-0499 Proyecto Eléctrico: M.Sc Teodoro Willink Castro | ||
| 650 | |x RADIO |x ONDAS ELECTROMAGNETICAS |x PROCESAMIENTO DE SEÑALES |x MODULACION (ELECTRONICA) |x RADIORRECEPTORES |x ANTENAS (ELECTRONICA) |x RADIOFRECUENCIA |x INGENIERÍA ELECTRÓNICA |x CIRCUITOS ELECTRONICOS |9 139 | ||
| 700 | |9 728 |a Willink Castro, Teodoro, 1986- |d Director de Proyecto Eléctrico | ||
| 942 | |c CEDI |h TFG 7223 |6 TFG_7223_000000000000000 | ||
| 999 | |c 13554 |d 13554 | ||
